Introduction to Heat Transfer 5th/ed (Record no. 318580)

000 -LEADER
fixed length control field 00411 a2200169 4500
001 - CONTROL NUMBER
control field 83507
020 ## - INTERNATIONAL STANDARD BOOK NUMBER
International Standard Book Number 97380471457275
082 ## - DEWEY DECIMAL CLASSIFICATION NUMBER
Classification number 621.4022 INC
090 ## - LOCALLY ASSIGNED LC-TYPE CALL NUMBER (OCLC); LOCAL CALL NUMBER (RLIN)
-- 40025
-- 40025
100 ## - MAIN ENTRY--PERSONAL NAME
Personal name Incropera , Frank
245 ## - TITLE STATEMENT
Title Introduction to Heat Transfer 5th/ed
250 ## - EDITION STATEMENT
Edition statement 5
260 ## - PUBLICATION, DISTRIBUTION, ETC.
Place of publication, distribution, etc. USA
Name of publisher, distributor, etc. John Wiley & Sons
Date of publication, distribution, etc. 2007
300 ## - PHYSICAL DESCRIPTION
Extent xxv 902p.
500 ## - GENERAL NOTE
General note CAE Reference Books
505 ## - FORMATTED CONTENTS NOTE
Formatted contents note NUST Books
942 ## - ADDED ENTRY ELEMENTS (KOHA)
Institution code [OBSOLETE] NUST-CAE
Call number prefix 621.4022 INC
Holdings
Withdrawn status Lost status Damaged status Not for loan Collection code Permanent Location Current Location Date acquired Total Checkouts Full call number Barcode Date last seen Price effective from Koha item type
          College of Aeronautical Engineering (CAE) College of Aeronautical Engineering (CAE) 04/03/2017   621.4022 INC CAEN-5363 04/05/2017 04/05/2017 Book
          College of Aeronautical Engineering (CAE) College of Aeronautical Engineering (CAE) 04/03/2017   621.4022 INC CAEN-5367 04/05/2017 04/05/2017 Book
          College of Aeronautical Engineering (CAE) College of Aeronautical Engineering (CAE) 04/03/2017   621.4022 INC CAEN-5366 04/05/2017 04/05/2017 Book
          College of Aeronautical Engineering (CAE) College of Aeronautical Engineering (CAE) 04/03/2017   621.4022 INC CAEN-5365 04/05/2017 04/05/2017 Book
          College of Aeronautical Engineering (CAE) College of Aeronautical Engineering (CAE) 04/03/2017   621.4022 INC CAEN-5364 04/05/2017 04/05/2017 Book
© 2023 Central Library, National University of Sciences and Technology. All Rights Reserved.